[Event "Regionalliga SW 9495"]
[Site "Bayern"]
[Date "1995.??.??"]
[Round "?.4"]
[White "Langer, Albert"]
[Black "Daurer, Walter"]
[Result "1/2-1/2"]
[WhiteElo "1880"]
[BlackElo "2130"]
[PlyCount "74"]
[EventDate "1994.10.??"]
[EventType "team-tourn"]
[EventRounds "9"]
[EventCountry "GER"]
[SourceTitle "EXT 1999"]
[Source "ChessBase"]
[SourceDate "1998.11.16"]
[SourceVersion "1"]
[SourceVersionDate "1998.11.16"]
[SourceQuality "1"]
[WhiteTeam "Heimertingen"]
[BlackTeam "Kriegshaber SK"]
[WhiteTeamCountry "GER"]
[BlackTeamCountry "GER"]

1. f4 c5 2. Nf3 Nc6 3. e3 g6 4. Be2 Bg7 5. 0-0 d6 6. Nc3 e6 7. b3 Nge7 8. Bb2 0-0 9. Rb1 b6 10. Ne4 Bxb2 11. Rxb2 Bb7 12. Qe1 f6 13. Qh4 Nf5 14. Qh3 d5 15. Nf2 Qe7 16. g4 Nd6 17. g5 f5 18. d4 cxd4 19. Nxd4 Rac8 20. Rc1 Rc7 21. Nxc6 Rxc6 22. c4 Rfc8 23. Rbc2 Ba6 24. Qf1 dxc4 25. bxc4 e5 26. c5 Bxe2 27. Qxe2 bxc5 28. Nd3 exf4 29. exf4 Qxe2 30. Rxe2 Ne4 31. Ne5 R6c7 32. Rec2 Rd8 33. Kf1 Rb7 34. Ke2 Rd5 35. Rd1 Rxd1 36. Kxd1 Rb1+ 37. Ke2 a5 1/2-1/2

[Event "Regionalliga SW 9495"]
[Site "Bayern"]
[Date "1994.??.??"]
[Round "?.4"]
[White "Langer, Albert"]
[Black "Pittelkow, Erhard"]
[Result "0-1"]
[WhiteElo "1880"]
[BlackElo "2005"]
[PlyCount "98"]
[EventDate "1994.10.??"]
[EventType "team-tourn"]
[EventRounds "9"]
[EventCountry "GER"]
[SourceTitle "EXT 1999"]
[Source "ChessBase"]
[SourceDate "1998.11.16"]
[SourceVersion "1"]
[SourceVersionDate "1998.11.16"]
[SourceQuality "1"]
[WhiteTeam "Heimertingen"]
[BlackTeam "Muenchen RT"]
[WhiteTeamCountry "GER"]
[BlackTeamCountry "GER"]

1. Nf3 d5 2. b3 c5 3. Bb2 Nc6 4. e3 Bg4 5. Bb5 Rc8 6. 0-0 e6 7. d3 Nf6 8. Nbd2 Be7 9. Qe1 Bxf3 10. Nxf3 0-0 11. Bxc6 Rxc6 12. Ne5 Rc8 13. f4 Nd7 14. Nxd7 Qxd7 15. Qg3 f6 16. e4 dxe4 17. dxe4 c4 18. Rad1 Qc6 19. e5 f5 20. Bd4 Rfd8 21. c3 cxb3 22. axb3 Bc5 23. Qe3 Bxd4 24. Rxd4 Rxd4 25. Qxd4 Qxc3 26. Qd7 Qc5+ 27. Kh1 Qc6 28. Qe7 Qd5 29. b4 h6 30. h4 Rc2 31. Rg1 Rd2 32. Qe8+ Kh7 33. h5 Qd7 34. Qg6+ Kg8 35. Kh2 Rd4 36. g3 Qe7 37. Kh3 Rd8 38. Rc1 a6 39. Rc3 Qd7 40. g4 fxg4+ 41. Qxg4 Rf8 42. Kg3 Kh8 43. Kh3 Rf5 44. Kg3 Rf8 45. Kh3 Qf7 46. Kg3 Rd8 47. Qg6 Qd7 48. Kh3 Qd5 49. Rc7 Qf3+ 0-1